[Event "Queima das Fitas op"]
[Site "Coimbra"]
[Date "2024.04.28"]
[Round "7"]
[White "Iglesias Ferreira, Andres"]
[Black "Sa, Nuno Baltasar Fogac"]
[Result "1-0"]
[WhiteElo "2261"]
[BlackElo "1880"]
[PlyCount "45"]
[EventDate "2024.04.25"]
[EventType "swiss"]
[EventRounds "7"]
[EventCountry "POR"]
[SourceTitle "CB18_2024"]
[SourceDate "2024.05.01"]
[SourceVersion "1"]
[SourceVersionDate "2024.05.01"]
[SourceQuality "2"]

1. e4 e5 2. Nf3 Nc6 3. Bb5 Nf6 4. d3 d6 5. c3 Be7 6. 0-0 0-0 7. Re1 Bg4 8. Nbd2 a6 9. Ba4 b5 10. Bc2 d5 11. h3 dxe4 12. dxe4 Bh5 13. Qe2 Bc5 14. Nf1 Bxf3 15. Qxf3 Ne7 16. Ng3 c6 17. Bg5 Ng6 18. Rad1 Qb6 19. Nf5 Nh5 20. b4 Bxf2+ 21. Qxf2 Qxf2+ 22. Kxf2 Nhf4 23. Bxf4 1-0

[Event "La Roda op 50th"]
[Site "La Roda"]
[Date "2024.03.30"]
[Round "6"]
[White "Martinez Reyes, Pedro Ramon"]
[Black "Iglesias Ferreira, Andres"]
[Result "0-1"]
[WhiteElo "2332"]
[BlackElo "2234"]
[PlyCount "68"]
[EventDate "2024.03.27"]
[EventType "swiss"]
[EventRounds "9"]
[EventCountry "ESP"]
[SourceTitle "CB14_2024"]
[SourceDate "2024.04.01"]
[SourceVersion "1"]
[SourceVersionDate "2024.04.01"]
[SourceQuality "1"]

1. e4 c5 2. c3 Nf6 3. e5 Nd5 4. Bc4 Nb6 5. Bb3 d6 6. exd6 Qxd6 7. Nf3 Nc6 8. Na3 a6 9. 0-0 Bf5 10. d4 cxd4 11. Nxd4 Nxd4 12. cxd4 e6 13. Qf3 Qc6 14. Qg3 Bxa3 15. bxa3 0-0 16. h4 Qe4 17. h5 Nd5 18. Rd1 Qg4 19. Qh2 Be4 20. Kh1 Qe2 21. Bg5 h6 22. Rd2 Qg4 23. Be3 Rac8 24. Re1 Rc3 25. Bd1 Qf5 26. Kg1 Rfc8 27. Qh4 g5 28. hxg6 Qxg6 29. Bg4 f5 30. Bh3 f4 31. Bxf4 Nxf4 32. Qxf4 Rxh3 33. f3 Bxf3 34. Re3 Rc1+ 0-1

[Event "Benidorm Bali op-A"]
[Site "Benidorm"]
[Date "2023.12.06"]
[Round "7"]
[White "Davtyan, David"]
[Black "Iglesias Ferreira, Andres"]
[Result "0-1"]
[WhiteElo "2373"]
[BlackElo "2213"]
[PlyCount "80"]
[EventDate "2023.12.01"]
[EventType "swiss"]
[EventRounds "9"]
[EventCountry "ESP"]
[SourceTitle "CB50_2023"]
[SourceDate "2023.12.13"]
[SourceVersion "1"]
[SourceVersionDate "2023.12.13"]
[SourceQuality "1"]

1. c4 Nf6 2. Nc3 e5 3. Nf3 Nc6 4. e4 Bb4 5. d3 d6 6. a3 Bc5 7. b4 Bb6 8. Be3 Bg4 9. Bxb6 axb6 10. Be2 Bxf3 11. Bxf3 Nd4 12. g3 0-0 13. Bg2 Qd7 14. a4 h5 15. 0-0 h4 16. h3 g6 17. Ra2 Kg7 18. Qc1 Rh8 19. f4 hxg3 20. fxe5 dxe5 21. Qg5 Qe7 22. Qxg3 Nh5 23. Qe3 c6 24. Raf2 f6 25. Rb1 g5 26. Bf3 Nf4 27. Bg4 Rh4 28. a5 Rah8 29. Rh2 bxa5 30. bxa5 Qa3 31. Rxb7+ Kh6 32. Ne2 Qa1+ 33. Kf2 Ndxe2 34. Bxe2 Kg6 35. Qa7 Nxh3+ 36. Rxh3 Rxh3 37. Rg7+ Kh6 38. Rf7 Rh2+ 39. Kg3 Qe1+ 40. Kxh2 Kg6+ 0-1

[Event "ESP-chT Rapid"]
[Site "Ubeda"]
[Date "2023.09.23"]
[Round "3.2"]
[White "Garrido Outon, Alex"]
[Black "Iglesias Ferreira, Andres"]
[Result "0-1"]
[WhiteElo "2408"]
[BlackElo "2138"]
[PlyCount "98"]
[EventDate "2023.09.23"]
[EventType "team-swiss (rapid)"]
[EventRounds "9"]
[EventCountry "ESP"]
[SourceTitle "EXT 2024"]
[Source "ChessBase"]
[SourceDate "2023.10.10"]
[SourceVersion "1"]
[SourceVersionDate "2023.10.10"]
[SourceQuality "1"]
[WhiteTeam "Extremadura Magic"]
[BlackTeam "Solvay"]
[WhiteTeamCountry "ESP"]
[BlackTeamCountry "ESP"]

1. e4 c5 2. Nf3 d6 3. d4 cxd4 4. Nxd4 Nf6 5. Nc3 a6 6. Bg5 Nbd7 7. Be3 Qc7 8. g4 e6 9. g5 Ng8 10. f4 b5 11. a3 Bb7 12. Qe2 Ne7 13. 0-0-0 Nc6 14. f5 Nxd4 15. Bxd4 e5 16. Bf2 h6 17. gxh6 Rxh6 18. Kb1 Nf6 19. Bg2 Be7 20. Be3 Rh7 21. Bf3 Rc8 22. h4 Qc4 23. Qg2 b4 24. axb4 Qxb4 25. Bc1 Rxc3 26. Bd2 Nxe4 27. Be1 Nd2+ 28. Bxd2 Bxf3 29. Qg1 Qd4 30. Qf1 Bxd1 31. Bxc3 Qg4 32. Qxa6 Bxc2+ 33. Kxc2 Qe4+ 34. Kb3 Qxh1 35. Qb5+ Kd8 36. Ba5+ Kc8 37. Qe8+ Kb7 38. Qxe7+ Ka6 39. Bb4 Qd5+ 40. Ka3 Rh8 41. Qc7 Ra8 42. b3 Kb5+ 43. Kb2 Kxb4 44. Qb6+ Qb5 45. Qxd6+ Qc5 46. Qd2+ Kb5 47. Qd7+ Kb6 48. Qxf7 Qd4+ 49. Kc2 Ra2+ 0-1

[Event "ESP-chT Rapid"]
[Site "Ubeda"]
[Date "2023.09.23"]
[Round "2.5"]
[White "Iglesias Ferreira, Andres"]
[Black "Busto Prendes, Abel"]
[Result "1-0"]
[WhiteElo "2138"]
[BlackElo "1968"]
[PlyCount "61"]
[EventDate "2023.09.23"]
[EventType "team-swiss (rapid)"]
[EventRounds "9"]
[EventCountry "ESP"]
[SourceTitle "EXT 2024"]
[Source "ChessBase"]
[SourceDate "2023.10.10"]
[SourceVersion "1"]
[SourceVersionDate "2023.10.10"]
[SourceQuality "1"]
[WhiteTeam "Solvay"]
[BlackTeam "Antonio Rico"]
[WhiteTeamCountry "ESP"]
[BlackTeamCountry "ESP"]

1. e4 e6 2. d4 d5 3. Nd2 Nf6 4. e5 Nfd7 5. f4 c5 6. c3 Nc6 7. Ndf3 cxd4 8. cxd4 Bb4+ 9. Bd2 Qa5 10. a3 Bxd2+ 11. Qxd2 Qxd2+ 12. Kxd2 Na5 13. Kc3 Nb6 14. b3 Bd7 15. Bd3 Rc8+ 16. Kb2 Ke7 17. Ne2 Rc7 18. g4 g6 19. Rac1 Rhc8 20. Rxc7 Rxc7 21. h4 Nc6 22. h5 a5 23. hxg6 hxg6 24. Rh7 Kf8 25. Nc3 Kg8 26. Ng5 Nd8 27. a4 Be8 28. f5 exf5 29. gxf5 Nc6 30. fxg6 Nxd4 31. e6 1-0

[Event "ESP-chT Rapid"]
[Site "Ubeda"]
[Date "2023.09.23"]
[Round "5.1"]
[White "Iglesias Ferreira, Andres"]
[Black "Cuenca Jimenez, Jose Fernando"]
[Result "1-0"]
[WhiteElo "2138"]
[BlackElo "2500"]
[PlyCount "47"]
[EventDate "2023.09.23"]
[EventType "team-swiss (rapid)"]
[EventRounds "9"]
[EventCountry "ESP"]
[SourceTitle "EXT 2024"]
[Source "ChessBase"]
[SourceDate "2023.10.10"]
[SourceVersion "1"]
[SourceVersionDate "2023.10.10"]
[SourceQuality "1"]
[WhiteTeam "Solvay"]
[BlackTeam "Costa Calida"]
[WhiteTeamCountry "ESP"]
[BlackTeamCountry "ESP"]

1. Nf3 Nf6 2. g3 g6 3. Bg2 Bg7 4. 0-0 0-0 5. d4 d6 6. c4 Nc6 7. Nc3 a6 8. d5 Na5 9. Qd3 c5 10. Nd2 b5 11. cxb5 axb5 12. Nxb5 Ba6 13. a4 Qb6 14. Rb1 Nd7 15. b4 cxb4 16. Rxb4 Nc5 17. Qe3 Qd8 18. Nd4 Bxd4 19. Rxd4 Qd7 20. Rh4 f6 21. Bh3 Qa7 22. Ne4 Nxe4 23. Be6+ Rf7 24. Qh6 1-0

[Event "ESP-chT CECLUB Div2"]
[Site "Linares"]
[Date "2023.08.16"]
[Round "5.19"]
[White "Centeno Mendoza, Julio Stefano"]
[Black "Iglesias Ferreira, Andres"]
[Result "1/2-1/2"]
[WhiteElo "2172"]
[BlackElo "2192"]
[PlyCount "70"]
[EventDate "2023.08.13"]
[EventType "team-swiss"]
[EventRounds "7"]
[EventCountry "ESP"]
[SourceTitle "EXT 2024"]
[Source "ChessBase"]
[SourceDate "2023.10.10"]
[SourceVersion "1"]
[SourceVersionDate "2023.10.10"]
[SourceQuality "1"]
[WhiteTeam "Collado Villalba"]
[BlackTeam "Solvay II"]
[WhiteTeamCountry "ESP"]
[BlackTeamCountry "ESP"]

1. e4 c5 2. c3 e5 3. Nf3 Nc6 4. d4 cxd4 5. cxd4 exd4 6. Nxd4 Nf6 7. Nc3 Bb4 8. Nxc6 bxc6 9. Bd3 0-0 10. 0-0 Re8 11. Bg5 h6 12. Bh4 g5 13. Bg3 Bxc3 14. bxc3 Nxe4 15. Bxe4 Rxe4 16. Bd6 Ba6 17. Re1 Qe8 18. Qd2 Re2 19. Rxe2 Qxe2 20. Qxe2 Bxe2 21. Re1 Bc4 22. a3 a5 23. f3 a4 24. Re4 Bb3 25. c4 f5 26. Rd4 Kf7 27. Kf2 Rc8 28. c5 Ke6 29. g3 Ra8 30. Ke3 Bd5 31. Rb4 Ra5 32. f4 g4 33. Kd4 Ra8 34. Rb8 Rxb8 35. Bxb8 h5 1/2-1/2

[Event "ESP-ch U18"]
[Site "Salobrena"]
[Date "2023.08.04"]
[Round "8"]
[White "Gonzalez Castillo, Jose Javier"]
[Black "Iglesias Ferreira, Andres"]
[Result "1-0"]
[WhiteElo "2047"]
[BlackElo "2203"]
[PlyCount "69"]
[EventDate "2023.07.31"]
[EventType "swiss"]
[EventRounds "9"]
[EventCountry "ESP"]
[SourceTitle "CBM 215 Extra"]
[Source "ChessBase"]
[SourceDate "2023.09.30"]
[SourceVersion "1"]
[SourceVersionDate "2023.09.30"]
[SourceQuality "1"]

1. e4 c5 2. Nf3 d6 3. Bb5+ Bd7 4. Bxd7+ Nxd7 5. 0-0 e6 6. c3 Be7 7. Qe2 Ngf6 8. d4 0-0 9. Rd1 cxd4 10. cxd4 d5 11. e5 Ne4 12. Be3 f5 13. exf6 Ndxf6 14. Nc3 Nxc3 15. bxc3 Ne4 16. Rdc1 Qa5 17. c4 Rac8 18. Ne5 Qa6 19. Qd3 Nd6 20. cxd5 Rxc1+ 21. Rxc1 Qxa2 22. dxe6 Qxe6 23. h3 Rd8 24. Rc7 Bf6 25. Ng4 Qf5 26. Qxf5 Nxf5 27. Nxf6+ gxf6 28. Rxb7 Ra8 29. d5 a5 30. Bc5 a4 31. d6 Ng7 32. Ba3 Ne6 33. Re7 Ng7 34. d7 Rd8 35. Bd6 1-0

[Event "ESP-ch U18"]
[Site "Salobrena"]
[Date "2023.08.04"]
[Round "7"]
[White "Iglesias Ferreira, Andres"]
[Black "Abrisqueta Zudaire, Leyre"]
[Result "0-1"]
[WhiteElo "2203"]
[BlackElo "2076"]
[PlyCount "96"]
[EventDate "2023.07.31"]
[EventType "swiss"]
[EventRounds "9"]
[EventCountry "ESP"]
[SourceTitle "CBM 215 Extra"]
[Source "ChessBase"]
[SourceDate "2023.09.30"]
[SourceVersion "1"]
[SourceVersionDate "2023.09.30"]
[SourceQuality "1"]

1. e4 e5 2. Nf3 Nf6 3. Nc3 Nc6 4. a3 d5 5. Bb5 d4 6. Ne2 Bd6 7. Ng3 0-0 8. d3 h6 9. 0-0 Re8 10. Qe2 a6 11. Bxc6 bxc6 12. Nh4 Nd5 13. Ngf5 Ne7 14. Nxh6+ gxh6 15. Qh5 Qd7 16. Qxh6 Qe6 17. Qg5+ Ng6 18. Nf5 Be7 19. Qg4 Qf6 20. f4 Qh4 21. Nxe7+ Rxe7 22. Qxh4 Nxh4 23. f5 f6 24. g3 Nxf5 25. exf5 Rb8 26. b4 Rb5 27. g4 e4 28. dxe4 Rxe4 29. Bf4 c5 30. Rae1 Bb7 31. Rxe4 Bxe4 32. Bxc7 cxb4 33. axb4 Rxb4 34. Bd6 Rc4 35. Re1 Bxc2 36. Re8+ Kf7 37. Re7+ Kg8 38. Re8+ Kf7 39. Rf8+ Kg7 40. g5 Bxf5 41. gxf6+ Kg6 42. h4 d3 43. f7 d2 44. h5+ Kxh5 45. Rh8+ Kg6 46. f8Q d1Q+ 47. Kf2 Qd2+ 48. Kg3 Qe3+ 0-1

[Event "Gijon op 1st"]
[Site "Gijon"]
[Date "2023.06.29"]
[Round "5"]
[White "Tejedor Fuente, Enrique"]
[Black "Iglesias Ferreira, Andres"]
[Result "1/2-1/2"]
[WhiteElo "2390"]
[BlackElo "2207"]
[PlyCount "73"]
[EventDate "2023.06.26"]
[EventType "swiss"]
[EventRounds "9"]
[EventCountry "ESP"]
[SourceTitle "EXT 2024"]
[Source "ChessBase"]
[SourceDate "2023.10.10"]
[SourceVersion "1"]
[SourceVersionDate "2023.10.10"]
[SourceQuality "1"]

1. e4 c5 2. Nc3 d6 3. g3 g6 4. Bg2 Bg7 5. d3 Nc6 6. f4 Rb8 7. Nf3 Bg4 8. 0-0 Nd4 9. Nd5 Nf6 10. Ne3 Bxf3 11. Bxf3 Nxf3+ 12. Qxf3 0-0 13. a4 Nd7 14. h4 h5 15. c3 b6 16. Rd1 a6 17. d4 b5 18. axb5 axb5 19. e5 b4 20. g4 bxc3 21. bxc3 Rb3 22. gxh5 Rxc3 23. hxg6 fxg6 24. Bb2 cxd4 25. Bxc3 dxc3 26. exd6 c2 27. Nxc2 Bxa1 28. Qd5+ Kh8 29. Rxa1 Qb6+ 30. Qd4+ Qxd4+ 31. Nxd4 exd6 32. Ra6 Rxf4 33. Rxd6 Ne5 34. h5 Rxd4 35. Rxd4 Nf3+ 36. Kf2 Nxd4 37. hxg6 1/2-1/2

[Event "Alicante Easter op 7th"]
[Site "La Nucia"]
[Date "2023.04.06"]
[Round "2"]
[White "Iglesias Ferreira, Andres"]
[Black "Iermito, Sebastian"]
[Result "0-1"]
[WhiteElo "2150"]
[BlackElo "2533"]
[PlyCount "74"]
[EventDate "2023.04.05"]
[EventType "swiss"]
[EventRounds "9"]
[EventCountry "ESP"]
[SourceTitle "CBM 213 Extra"]
[Source "ChessBase"]
[SourceDate "2023.05.31"]
[SourceVersion "1"]
[SourceVersionDate "2023.05.31"]
[SourceQuality "1"]

1. e4 c5 2. Nf3 e6 3. d4 cxd4 4. Nxd4 a6 5. Bd3 Nf6 6. 0-0 Qc7 7. Qe2 d6 8. c4 g6 9. f4 Bg7 10. Nc3 Nbd7 11. Be3 0-0 12. b4 e5 13. Nb3 exf4 14. Bxf4 Nh5 15. Bd2 Ne5 16. Nd5 Qd8 17. Rac1 Bg4 18. Qe3 Be6 19. Be2 Bxd5 20. cxd5 Nf6 21. Na5 Qe7 22. Be1 Rfe8 23. Bh4 Neg4 24. Qf4 Qxe4 25. Bxg4 Nxg4 26. Qxf7+ Kh8 27. Rce1 Ne3 28. Qf2 Qxb4 29. Rxe3 Rxe3 30. Qxe3 Qxh4 31. Rf4 Qh5 32. Re4 Qd1+ 33. Kf2 Rf8+ 34. Kg3 Qxd5 35. Nc4 Qc6 36. Rf4 Re8 37. Qf3 d5 0-1

[Event "ESP-chT Rapid"]
[Site "Toledo"]
[Date "2022.09.25"]
[Round "9"]
[White "Suarez Triguero, Jose Alfonso"]
[Black "Iglesias Ferreira, Andres"]
[Result "1-0"]
[WhiteElo "2009"]
[BlackElo "2016"]
[PlyCount "73"]
[EventDate "2022.09.24"]
[EventType "team-swiss (rapid)"]
[EventRounds "9"]
[EventCountry "ESP"]
[SourceTitle "CBM 210 Extra"]
[Source "ChessBase"]
[SourceDate "2022.11.30"]
[SourceVersion "1"]
[SourceVersionDate "2022.11.30"]
[SourceQuality "1"]
[WhiteTeam "Madrid Academy"]
[BlackTeam "Solvay II"]
[WhiteTeamCountry "ESP"]
[BlackTeamCountry "ESP"]

1. e4 c5 2. c4 d6 3. Ne2 g6 4. d4 cxd4 5. Nxd4 Bg7 6. Nc3 Nf6 7. Be2 0-0 8. Be3 Nc6 9. 0-0 Bd7 10. Rc1 Nxd4 11. Bxd4 Bc6 12. f3 a5 13. b3 h5 14. Qd2 h4 15. Nd5 Bxd5 16. cxd5 h3 17. g3 Nd7 18. Be3 b6 19. Rc2 Nc5 20. Bb5 f5 21. exf5 Rxf5 22. Bd3 Nxd3 23. Qxd3 a4 24. g4 axb3 25. axb3 Rf7 26. Qxg6 Ra3 27. Qe6 Rxb3 28. Rc8 Qxc8 29. Qxc8+ Kh7 30. Qe6 Rf6 31. Qxe7 Kg8 32. Bd4 Rf7 33. Qe8+ Bf8 34. Qe6 Be7 35. Re1 Rbxf3 36. Qh6 R7f4 37. Qg7# 1-0

[Event "ESP-chT CECLUB Div2"]
[Site "Linares"]
[Date "2022.08.27"]
[Round "7.5"]
[White "Palozza, Christian"]
[Black "Iglesias Ferreira, Andres"]
[Result "1-0"]
[WhiteElo "2267"]
[BlackElo "2091"]
[PlyCount "81"]
[EventDate "2022.08.22"]
[EventType "team-swiss"]
[EventRounds "7"]
[EventCountry "ESP"]
[SourceTitle "CBM 209 Extra"]
[Source "ChessBase"]
[SourceDate "2022.09.30"]
[SourceVersion "1"]
[SourceVersionDate "2022.09.30"]
[SourceQuality "1"]
[WhiteTeam "Nazari Area F5"]
[BlackTeam "Solvay II"]
[WhiteTeamCountry "ESP"]
[BlackTeamCountry "ESP"]

1. d4 d5 2. c4 dxc4 3. Nf3 Nf6 4. e3 e6 5. Bxc4 c5 6. 0-0 a6 7. Be2 Nc6 8. dxc5 Bxc5 9. Qxd8+ Kxd8 10. b3 Ke7 11. Bb2 Bd7 12. Nbd2 b5 13. Rac1 Bd6 14. Ng5 Rac8 15. Nde4 Be5 16. Bxe5 Nxe5 17. Nc5 Rc6 18. f4 Ng6 19. Bf3 Rd6 20. Rfd1 Rxd1+ 21. Rxd1 Bc8 22. g3 h6 23. Nge4 Nd5 24. Kf2 f5 25. Nd2 Nc3 26. Ra1 Rd8 27. Ke1 Kf6 28. Nb1 Nd5 29. Bxd5 exd5 30. Nc3 b4 31. Ne2 Nf8 32. Nd4 Ne6 33. Ndxe6 Bxe6 34. Nxa6 d4 35. Rd1 Ra8 36. Nxb4 dxe3 37. Ke2 Re8 38. Nd5+ Bxd5 39. Rxd5 g5 40. Rd6+ Kg7 41. Rd4 1-0

[Event "ESP-ch U16 Rapid"]
[Site "Salobrena"]
[Date "2022.07.31"]
[Round "5"]
[White "Perez Bolanos, David"]
[Black "Iglesias Ferreira, Andres"]
[Result "1/2-1/2"]
[WhiteElo "1581"]
[BlackElo "1778"]
[PlyCount "86"]
[EventDate "2022.07.30"]
[EventType "swiss (rapid)"]
[EventRounds "9"]
[EventCountry "ESP"]
[SourceTitle "EXT 2023"]
[Source "ChessBase"]
[SourceDate "2022.10.05"]
[SourceVersion "1"]
[SourceVersionDate "2022.10.05"]
[SourceQuality "1"]

1. d4 d5 2. c4 dxc4 3. e3 Nf6 4. Bxc4 e6 5. Nf3 c5 6. 0-0 a6 7. Nbd2 Nc6 8. dxc5 Bxc5 9. e4 0-0 10. e5 Nd7 11. Ne4 Be7 12. Bf4 b5 13. Bb3 Bb7 14. Nd6 Bxd6 15. Qxd6 Ne7 16. Bg5 Re8 17. Rfd1 Bxf3 18. gxf3 Nf5 19. Bxd8 Nxd6 20. Bc7 Nxe5 21. Bxd6 Nxf3+ 22. Kg2 Nh4+ 23. Kf1 Nf5 24. Bg3 h5 25. h4 f6 26. Rd7 a5 27. a4 bxa4 28. Bxa4 Rac8 29. Rad1 Rc4 30. b3 Rb4 31. Rd8 Rxd8 32. Rxd8+ Kf7 33. Ra8 g5 34. hxg5 h4 35. g6+ Kxg6 36. Bh2 e5 37. Rxa5 Nd4 38. Bxe5 fxe5 39. Rxe5 Nxb3 40. Bxb3 Rxb3 41. Kg2 h3+ 42. Kh2 Rf3 43. Ra5 Rxf2+ 1/2-1/2

[Event "ESP-ch U16 Rapid"]
[Site "Salobrena"]
[Date "2022.07.30"]
[Round "4"]
[White "Iglesias Ferreira, Andres"]
[Black "Arguelles Gonzalez, Victor"]
[Result "1-0"]
[WhiteElo "1778"]
[BlackElo "1475"]
[PlyCount "127"]
[EventDate "2022.07.30"]
[EventType "swiss (rapid)"]
[EventRounds "9"]
[EventCountry "ESP"]
[SourceTitle "EXT 2023"]
[Source "ChessBase"]
[SourceDate "2022.10.05"]
[SourceVersion "1"]
[SourceVersionDate "2022.10.05"]
[SourceQuality "1"]

1. e4 c5 2. Nf3 Nc6 3. d4 cxd4 4. Nxd4 Nf6 5. Nc3 d6 6. Bg5 e6 7. Qd2 Be7 8. 0-0-0 a6 9. f4 Qa5 10. Kb1 Bd7 11. Be2 Rc8 12. Rhe1 0-0 13. g4 b5 14. e5 dxe5 15. Nb3 Qc7 16. Bxf6 Bxf6 17. Qxd7 exf4 18. Ne4 Bh4 19. Rf1 e5 20. Qxc7 Rxc7 21. c3 g6 22. g5 Ne7 23. Rf3 Nf5 24. Rh3 h6 25. gxh6 g5 26. Rg1 f6 27. Bd3 Kh8 28. Nec5 Nxh6 29. Ne6 Rcc8 30. Nxf8 Rxf8 31. Nd2 f5 32. Nf3 e4 33. Nxh4 gxh4 34. Rxh4 Kh7 35. Rxf4 exd3 36. Rd4 Rf6 37. Rxd3 Ng4 38. h3 Nf2 39. Rd7+ Kh8 40. Re1 Ne4 41. Re7 Nd2+ 42. Kc2 Nf3 43. Rd1 Rf8 44. Rdd7 Rc8 45. Rh7+ Kg8 46. Rdg7+ Kf8 47. Rg3 Nd4+ 48. Kd3 f4 49. cxd4 fxg3 50. Rh8+ Kf7 51. Rxc8 g2 52. Rc1 b4 53. Rg1 Kg6 54. Rxg2+ Kh6 55. Kc4 b3 56. axb3 a5 57. d5 a4 58. d6 a3 59. d7 a2 60. d8Q a1N 61. Qg5+ Kh7 62. Qg6+ Kh8 63. Qf7 Nc2 64. Rg8# 1-0

[Event "Oviedo op 8th"]
[Site "Oviedo"]
[Date "2022.07.20"]
[Round "5"]
[White "Alvarez Fernandez, Enrique"]
[Black "Iglesias Ferreira, Andres"]
[Result "1-0"]
[WhiteElo "2329"]
[BlackElo "2069"]
[PlyCount "57"]
[EventDate "2022.07.17"]
[EventType "swiss"]
[EventRounds "9"]
[EventCountry "ESP"]
[SourceTitle "CBM 209 Extra"]
[Source "ChessBase"]
[SourceDate "2022.09.30"]
[SourceVersion "1"]
[SourceVersionDate "2022.09.30"]
[SourceQuality "1"]

1. d4 Nf6 2. Nf3 d5 3. c4 dxc4 4. e3 e6 5. Bxc4 a6 6. 0-0 c5 7. Bd3 Nbd7 8. Nc3 Bd6 9. dxc5 Nxc5 10. Bc2 Qe7 11. e4 Ncd7 12. Qe2 Ne5 13. Nxe5 Bxe5 14. f4 Bd4+ 15. Kh1 e5 16. Nd5 Nxd5 17. exd5 0-0 18. fxe5 Qxe5 19. Qd3 g6 20. Bh6 Re8 21. Qf3 f5 22. Rad1 Bd7 23. Bf4 Qf6 24. Bb3 Kg7 25. d6 b5 26. Qb7 Ra7 27. Qd5 Bxb2 28. Rfe1 Re4 29. Qg8# 1-0

[Event "Oviedo op 8th"]
[Site "Oviedo"]
[Date "2022.07.17"]
[Round "1"]
[White "Cueva Escandon, Jose Manuel"]
[Black "Iglesias Ferreira, Andres"]
[Result "0-1"]
[WhiteElo "1491"]
[BlackElo "2069"]
[PlyCount "86"]
[EventDate "2022.07.17"]
[EventType "swiss"]
[EventRounds "9"]
[EventCountry "ESP"]
[SourceTitle "CBM 209 Extra"]
[Source "ChessBase"]
[SourceDate "2022.09.30"]
[SourceVersion "1"]
[SourceVersionDate "2022.09.30"]
[SourceQuality "1"]

1. d4 d5 2. c4 dxc4 3. e3 Nf6 4. Bxc4 a6 5. Nf3 e6 6. Nc3 b5 7. Be2 Bb7 8. a3 c5 9. 0-0 Nc6 10. dxc5 Bxc5 11. b4 Bd6 12. Qc2 Rc8 13. Bb2 0-0 14. Rfd1 Qe7 15. Rac1 Ne5 16. Nxe5 Bxe5 17. f4 Bb8 18. Bd3 e5 19. Qe2 Rce8 20. f5 e4 21. Bb1 Qe5 22. g4 Nxg4 23. Qxg4 Qxh2+ 24. Kf1 Qxb2 25. f6 g6 26. Qh4 Re5 27. Rc2 Qb3 28. Qh6 Rf5+ 29. Rf2 Rxf6 30. Rxf6 Qxc3 31. Rb6 Bd5 32. Rxa6 Qb3 33. Rc1 Bc4+ 34. Kg1 Qb2 35. Rd1 Qe2 36. Rc1 Qg4+ 37. Kh1 Be2 38. Rf6 Bf3+ 39. Rxf3 Qxf3+ 40. Kg1 Qg4+ 41. Kf1 Rd8 42. Ba2 Rd1+ 43. Rxd1 Qxd1+ 0-1

[Event "La Roda op 48th"]
[Site "La Roda"]
[Date "2022.04.16"]
[Round "7"]
[White "Pilgaard, Kim"]
[Black "Iglesias Ferreira, Andres"]
[Result "0-1"]
[WhiteElo "2403"]
[BlackElo "2146"]
[PlyCount "64"]
[EventDate "2022.04.13"]
[EventType "swiss"]
[EventRounds "9"]
[EventCountry "ESP"]
[SourceTitle "CBM 207 Extra"]
[Source "ChessBase"]
[SourceDate "2022.05.31"]
[SourceVersion "1"]
[SourceVersionDate "2022.05.31"]
[SourceQuality "1"]

1. d4 d5 2. c4 dxc4 3. e3 Nf6 4. Nf3 e6 5. Bxc4 c5 6. 0-0 a6 7. dxc5 Bxc5 8. Qxd8+ Kxd8 9. Be2 Ke7 10. Nbd2 Nbd7 11. Nb3 Bd6 12. Rd1 b6 13. Ng5 Rf8 14. Bf3 Rb8 15. Nd4 Ne5 16. Ne4 Nxe4 17. Bxe4 Bd7 18. f4 Ng4 19. Bf3 Nf6 20. e4 e5 21. Nf5+ Bxf5 22. exf5 e4 23. Bxe4 Nxe4 24. Re1 Kf6 25. Rxe4 Kxf5 26. Rc4 Rbc8 27. Rxc8 Rxc8 28. Be3 Bc5 29. Re1 Re8 30. Kf2 Rxe3 31. Rxe3 Kxf4 32. g3+ Kg4 0-1